Statistics for Harry Potter Breakdown Puzzle #2

Click here to take the quiz!

General Stats

  • This quiz has been taken 497 times
  • The average score is 11 of 30

Answer Stats

Hint Answer % Correct
Wedding womanBRIDE
87%
Garbage, rubbishTRASH
73%
Whine like MyrtleMOAN
72%
Young horseFOAL
62%
A violin's G, D A or ESTRING
58%
CluesHINTS
57%
ReceivedGOT
56%
Wizard ElphiasDOGE
54%
Coffee containerMUG
53%
Bedtime readingSTORY
51%
Homer's neighbourNED
47%
Culkin movie; __ GirlMY
43%
Permit, allowLET
43%
Paris subwayMETRO
42%
Cymru, to its nativesWALES
39%
Powerful windGALE
38%
Orpheus' instrumentLYRE
29%
GRINGOTTS
28%
Biblical youYE
24%
MALFOY
24%
UMBRIDGE
22%
Humiliate, disgraceSHAME
22%
SLYTHERIN
17%
DEMENTOR
15%
WEASLEY
12%
Sea birdsTERNS
7%
HOGSMEADE
6%
ASTRONOMY
6%
THESTRAL
6%
LESTRANGE
2%

Score Distribution

Percentile by Number Answered

Percent of People with Each Score

Your Score History

You have not taken this quiz